[Event "GBR-ch 95th"]
[Site "Liverpool"]
[Date "2008.07.28"]
[Round "1.33"]
[White "Woods, Connor"]
[Black "Cox, Tristan"]
[Result "1/2-1/2"]
[WhiteElo "1934"]
[BlackElo "2144"]
[PlyCount "81"]
[EventDate "2008.07.28"]
[EventType "swiss"]
[EventRounds "11"]
[EventCountry "GBR"]

1. e4 c5 2. Nf3 Nc6 3. d4 cxd4 4. Nxd4 Nf6 5. Nc3 e5 6. Ndb5 d6 7. Bg5 a6 8.
Na3 b5 9. Bxf6 gxf6 10. Nd5 f5 11. Bd3 Be6 12. c3 Bg7 13. Nxb5 Bxd5 14. exd5
Ne7 15. Na3 e4 16. Bc2 Ng6 17. Ba4+ Kf8 18. Qd2 Qh4 19. g3 Qg4 20. Qe2 Qg5 21.
h4 Qd8 22. Nc4 Ne5 23. Nxe5 Bxe5 24. O-O-O Qa5 25. Bb3 Ke7 26. f4 Bf6 27. g4
Rhc8 28. Rh3 fxg4 29. Qxe4+ Kf8 30. Rg3 Re8 31. Qf5 Bxh4 32. Rxg4 Be1 33. Qf6
Bxc3 34. Qxd6+ Re7 35. bxc3 Qxc3+ 36. Kb1 Qh3 37. Rg5 Rae8 38. Qf6 Re3 39. Qg7+
Ke7 40. d6+ Kd8 41. Qxf7 1/2-1/2

[Event "GBR-ch 95th"]
[Site "Liverpool"]
[Date "2008.07.28"]
[Round "1.34"]
[White "Ledger, Stephen"]
[Black "McCullough, Simon L"]
[Result "1-0"]
[WhiteElo "2138"]
[BlackElo "1910"]
[PlyCount "81"]
[EventDate "2008.07.28"]
[EventType "swiss"]
[EventRounds "11"]
[EventCountry "GBR"]

1. d4 Nf6 2. Nf3 e6 3. Bf4 d5 4. e3 Be7 5. h3 Nbd7 6. Nbd2 c5 7. c3 O-O 8. Bd3
b6 9. O-O Bb7 10. a4 c4 11. Bc2 Rc8 12. Qe2 Re8 13. Rfe1 Nf8 14. Ne5 Ng6 15.
Bg3 Nxe5 16. Bxe5 Nd7 17. Bh2 Nf6 18. f3 Bd6 19. e4 Bxh2+ 20. Kxh2 Nh5 21. g3
Qg5 22. Rg1 e5 23. dxe5 Rxe5 24. f4 Nxf4 25. gxf4 Qxf4+ 26. Rg3 Rg5 27. Rag1
dxe4 28. Qe3 Qxe3 29. Rxe3 Rxg1 30. Kxg1 f5 31. Re1 g5 32. Kf2 Kf7 33. Nf1 Kf6
34. Rd1 f4 35. Rd7 Ba8 36. Rxa7 Re8 37. Rxh7 e3+ 38. Ke1 Bg2 39. Nh2 f3 40.
Ng4+ Ke6 41. Nxe3 1-0

[Event "GBR-ch 95th"]
[Site "Liverpool"]
[Date "2008.07.29"]
[Round "2.2"]
[White "Houska, Jovanka"]
[Black "Lalic, Bogdan"]
[Result "1/2-1/2"]
[WhiteElo "2405"]
[BlackElo "2533"]
[PlyCount "28"]
[EventDate "2008.07.28"]
[EventType "swiss"]
[EventRounds "11"]
[EventCountry "GBR"]

1. d4 Nf6 2. Nf3 g6 3. c4 Bg7 4. g3 d5 5. cxd5 Nxd5 6. Bg2 Nb6 7. O-O Nc6 8.
Nc3 Nxd4 9. Nxd4 Qxd4 10. Qxd4 Bxd4 11. Nb5 Be5 12. Bf4 Bxf4 13. gxf4 Kd8 14.
Rfd1+ Nd7 1/2-1/2

[Event "GBR-ch 95th"]
[Site "Liverpool"]
[Date "2008.07.29"]
[Round "2.3"]
[White "Gordon, Stephen J"]
[Black "Ledger, Andrew"]
[Result "1/2-1/2"]
[WhiteElo "2508"]
[BlackElo "2423"]
[PlyCount "107"]
[EventDate "2008.07.28"]
[EventType "swiss"]
[EventRounds "11"]
[EventCountry "GBR"]

1. d4 d5 2. c4 c6 3. Nf3 Nf6 4. Nc3 dxc4 5. a4 Bf5 6. Ne5 e6 7. f3 c5 8. e4 Bg6
9. Be3 cxd4 10. Qxd4 Qxd4 11. Bxd4 Nfd7 12. Nxd7 Nxd7 13. Bxc4 Rc8 14. Bb5 a6
15. Bxd7+ Kxd7 16. O-O-O Ke8 17. Bb6 Be7 18. Rd4 Bf6 19. Rd3 Bd8 20. Bd4 f6 21.
Rhd1 Ba5 22. Kb1 Ke7 23. Na2 Be8 24. Bc3 Bc7 25. Bb4+ Kf7 26. b3 Bxh2 27. Bd6
Bxd6 28. Rxd6 a5 29. Rb6 Bc6 30. Nc3 Rhd8 31. Rxd8 Rxd8 32. Kc2 g5 33. Nb5 g4
34. Na7 gxf3 35. gxf3 h5 36. Nxc6 bxc6 37. b4 axb4 38. Rxb4 Ra8 39. Kd2 h4 40.
Ke2 h3 41. Kf2 c5 42. Rc4 Rg8 43. Rxc5 Rg2+ 44. Ke3 Kg6 45. Rc8 h2 46. Rh8 Ra2
47. Kf4 Rg2 48. a5 e5+ 49. Ke3 Ra2 50. a6 Kg5 51. a7 Ra3+ 52. Kf2 Rxa7 53. Rg8+
Kh6 54. Rh8+ 1/2-1/2

[Event "GBR-ch 95th"]
[Site "Liverpool"]
[Date "2008.07.29"]
[Round "2.4"]
[White "Gormally, Daniel"]
[Black "Rendle, Thomas"]
[Result "1/2-1/2"]
[WhiteElo "2504"]
[BlackElo "2363"]
[PlyCount "50"]
[EventDate "2008.07.28"]
[EventType "swiss"]
[EventRounds "11"]
[EventCountry "GBR"]

1. e4 e6 2. d4 d5 3. Nc3 Nc6 4. Nf3 Nf6 5. e5 Ne4 6. Bd3 Bb4 7. Bd2 Nxd2 8.
Qxd2 Bd7 9. a3 Ba5 10. b4 Bb6 11. Ne2 f6 12. exf6 Qxf6 13. O-O O-O-O 14. Bb5
Nb8 15. Bxd7+ Nxd7 16. a4 a6 17. Qd3 e5 18. dxe5 Nxe5 19. Nxe5 Qxe5 20. a5 Ba7
21. b5 Rd6 22. Rab1 Qe4 23. Qh3+ Qe6 24. Qd3 Qe4 25. Qh3+ Qe6 1/2-1/2

[Event "GBR-ch 95th"]
[Site "Liverpool"]
[Date "2008.07.29"]
[Round "2.5"]
[White "Zhou, Yang-Fan"]
[Black "Davies, Nigel R"]
[Result "0-1"]
[WhiteElo "2259"]
[BlackElo "2478"]
[PlyCount "88"]
[EventDate "2008.07.28"]
[EventType "swiss"]
[EventRounds "11"]
[EventCountry "GBR"]

1. e4 c5 2. Nf3 e6 3. d3 Nc6 4. g3 Nf6 5. Bg2 Be7 6. O-O O-O 7. c4 d5 8. e5 Ne8
9. Nc3 Nc7 10. Nb5 Nxb5 11. cxb5 Nb8 12. d4 b6 13. Qa4 a6 14. Rd1 Kh8 15. Bf1
Bb7 16. dxc5 bxc5 17. Qg4 axb5 18. Ng5 d4 19. Nxh7 Qd5 20. f3 Qxf3 21. Qh3 Qh1+
22. Kf2 Qf3+ 23. Kg1 Kg8 24. Nxf8 Bxf8 25. Qg2 Nd7 26. Bf4 Nxe5 27. Qxf3 Nxf3+
28. Kf2 Nxh2 29. Bh3 f5 30. b4 cxb4 31. Be5 Nf3 32. Bg2 Nxe5 33. Bxb7 Ra7 34.
Bg2 Bc5 35. Bf1 Ra3 36. Bxb5 Ng4+ 37. Ke1 Rxg3 38. Rac1 Rc3 39. Bc4 Kf7 40. Bb3
Ne3 41. Rxc3 bxc3 42. Ra1 d3 43. a4 Bb4 44. Kf2 Ng4+ 0-1

[Event "GBR-ch 95th"]
[Site "Liverpool"]
[Date "2008.07.29"]
[Round "2.6"]
[White "Trent, Lawrence"]
[Black "Surtees, Michael"]
[Result "1-0"]
[WhiteElo "2470"]
[BlackElo "2182"]
[PlyCount "57"]
[EventDate "2008.07.28"]
[EventType "swiss"]
[EventRounds "11"]
[EventCountry "GBR"]

1. d4 c6 2. c4 f6 3. e4 e5 4. Nc3 Bb4 5. a3 Bxc3+ 6. bxc3 d6 7. Be3 Qa5 8. Nf3
Bg4 9. Be2 Bxf3 10. gxf3 Qxc3+ 11. Kf1 Ne7 12. Rb1 b6 13. Bd2 Qxa3 14. Bb4 Qa6
15. c5 Qb7 16. cxd6 Ng6 17. Bc4 Nd7 18. Rg1 a5 19. Ba3 Ra7 20. f4 Ndf8 21. Qh5
exf4 22. e5 fxe5 23. dxe5 c5 24. e6 Qe4 25. Bb5+ Kd8 26. e7+ Rxe7 27. dxe7+
Qxe7 28. Qd5+ Nd7 29. Re1 1-0

[Event "GBR-ch 95th"]
[Site "Liverpool"]
[Date "2008.07.29"]
[Round "2.7"]
[White "Hanley, James L"]
[Black "Pert, Nicholas"]
[Result "0-1"]
[WhiteElo "2243"]
[BlackElo "2547"]
[PlyCount "66"]
[EventDate "2008.07.28"]
[EventType "swiss"]
[EventRounds "11"]
[EventCountry "GBR"]

1. e4 e6 2. d4 d5 3. Nd2 Be7 4. Ngf3 Nf6 5. e5 Nfd7 6. Bd3 c5 7. c3 Nc6 8. O-O
a5 9. Re1 cxd4 10. cxd4 g5 11. Nb1 g4 12. Nfd2 h5 13. Nc3 Nxd4 14. Nf1 Nc5 15.
Bb1 Nc6 16. Bf4 Qb6 17. Qe2 Bd7 18. Ne3 Qa6 19. Nb5 O-O-O 20. Rc1 Nb4 21. Nd6+
Bxd6 22. Qxa6 Nbxa6 23. exd6 f6 24. Nd1 b6 25. Bd3 Kb7 26. Bxa6+ Nxa6 27. a3 a4
28. b4 axb3 29. Rab1 e5 30. Bd2 d4 31. Rxb3 Ba4 32. Rbb1 Bxd1 33. Rxd1 Rxd6 0-1

[Event "GBR-ch 95th"]
[Site "Liverpool"]
[Date "2008.07.29"]
[Round "2.9"]
[White "Hebden, Mark"]
[Black "Hawkins, Jonathan"]
[Result "1-0"]
[WhiteElo "2520"]
[BlackElo "2232"]
[PlyCount "89"]
[EventDate "2008.07.28"]
[EventType "swiss"]
[EventRounds "11"]
[EventCountry "GBR"]

1. d4 Nf6 2. Nf3 g6 3. Nc3 d5 4. Bf4 Bg7 5. Qd2 Nc6 6. Ne5 Nxe5 7. Bxe5 O-O 8.
f3 c5 9. e3 b6 10. h4 Bb7 11. g4 Nd7 12. Bxg7 Kxg7 13. h5 e5 14. O-O-O Qf6 15.
Bb5 Rad8 16. hxg6 fxg6 17. Qh2 Rh8 18. Bxd7 exd4 19. exd4 Rxd7 20. Qh6+ Kg8 21.
Rhe1 Bc6 22. g5 Qf4+ 23. Kb1 Kf7 24. Ne2 Qd6 25. Qh4 Re7 26. Nf4 Rxe1 27. Rxe1
Bd7 28. Re5 cxd4 29. Rxd5 Qc6 30. Rxd4 Qxf3 31. b3 Bf5 32. Nd3 Qe2 33. Rd6 Ke7
34. Rd5 Bxd3 35. Qb4+ Ke8 36. Rxd3 Qe5 37. Qa4+ b5 38. Qxa7 Qe1+ 39. Kb2 Qe5+
40. Kc1 Qxg5+ 41. Kb1 Qf6 42. Qa8+ Ke7 43. Qb7+ Ke8 44. Qxb5+ Kf8 45. Rd7 1-0

[Event "GBR-ch 95th"]
[Site "Liverpool"]
[Date "2008.07.29"]
[Round "2.10"]
[White "James, Russell A"]
[Black "Haslinger, Stewart"]
[Result "1/2-1/2"]
[WhiteElo "2225"]
[BlackElo "2511"]
[PlyCount "90"]
[EventDate "2008.07.28"]
[EventType "swiss"]
[EventRounds "11"]
[EventCountry "GBR"]

1. e4 e5 2. Nf3 Nc6 3. Nc3 Nf6 4. a3 Be7 5. d4 d6 6. Bb5 exd4 7. Nxd4 Bd7 8.
Bxc6 bxc6 9. Qf3 O-O 10. O-O Rb8 11. Rb1 Qc8 12. h3 h6 13. Re1 Re8 14. Bd2 Nh7
15. Qg3 Bf6 16. Nf3 Kh8 17. e5 dxe5 18. Nxe5 Bxe5 19. Rxe5 Rxe5 20. Qxe5 Bf5
21. Bf4 Bxc2 22. Re1 Nf6 23. b4 Qd7 24. Qxc7 Rd8 25. Qxd7 Rxd7 26. Rc1 Bb3 27.
Rb1 Bc4 28. Rd1 Kg8 29. Rxd7 Nxd7 30. Be3 a6 31. f4 Kf8 32. Bd4 f6 33. Kf2 Ke7
34. Ne4 Ke6 35. g3 Kd5 36. Ke3 Bf1 37. h4 Bg2 38. Nc5 Nb6 39. Nxa6 Nc4+ 40. Kd3
Bf1+ 41. Kc3 Nxa3 42. Nc7+ Ke4 43. Bc5 h5 44. Ne8 Kf3 45. Nxg7 Kxg3 1/2-1/2

[Event "GBR-ch 95th"]
[Site "Liverpool"]
[Date "2008.07.29"]
[Round "2.11"]
[White "Flear, Glenn C"]
[Black "Jackson, Oliver"]
[Result "1-0"]
[WhiteElo "2493"]
[BlackElo "2221"]
[PlyCount "63"]
[EventDate "2008.07.28"]
[EventType "swiss"]
[EventRounds "11"]
[EventCountry "GBR"]

1. d4 Nf6 2. c4 c5 3. d5 b5 4. Nd2 bxc4 5. e4 Qa5 6. Bxc4 Ba6 7. Qc2 Bxc4 8.
Qxc4 Qb4 9. Qc2 e6 10. dxe6 fxe6 11. Ngf3 Be7 12. O-O O-O 13. e5 Nd5 14. Nc4
Nc6 15. Be3 Rac8 16. Rad1 Qb8 17. Qe4 Nd4 18. Nxd4 cxd4 19. Rxd4 Bc5 20. Rxd5
Bxe3 21. Rxd7 Qb5 22. Qb7 Qxb7 23. Rxb7 Bxf2+ 24. Rxf2 Rxc4 25. Rxf8+ Kxf8 26.
h3 Rc5 27. Rxa7 Rc1+ 28. Kh2 Rc5 29. a4 Rxe5 30. b4 Re4 31. Rb7 Re1 32. b5 1-0

[Event "GBR-ch 95th"]
[Site "Liverpool"]
[Date "2008.07.29"]
[Round "2.12"]
[White "Rayner, Francis"]
[Black "Arkell, Keith"]
[Result "0-1"]
[WhiteElo "2207"]
[BlackElo "2506"]
[PlyCount "134"]
[EventDate "2008.07.28"]
[EventType "swiss"]
[EventRounds "11"]
[EventCountry "GBR"]

1. c4 c5 2. Nf3 Nf6 3. Nc3 Nc6 4. d4 cxd4 5. Nxd4 g6 6. Nc2 d6 7. e4 Bg7 8. Be2
Be6 9. O-O Rc8 10. Be3 h6 11. f3 g5 12. Qd2 Nd7 13. Rab1 Nde5 14. b3 Ng6 15.
Nd5 b6 16. Nd4 Bxd5 17. cxd5 Nxd4 18. Bxd4 Bxd4+ 19. Qxd4 O-O 20. Rbc1 a5 21.
Rc6 Ne5 22. Rxb6 Rc2 23. Bb5 Qc7 24. Bc6 Qa7 25. Rd1 Rxa2 26. Rb7 Qa6 27. Rd2
Nxc6 28. dxc6 Qxc6 29. Rxa2 Qxb7 30. Rxa5 Qxb3 31. h4 f6 32. Ra7 Qe6 33. hxg5
hxg5 34. Ra5 Rc8 35. Qd5 Qxd5 36. Rxd5 Rc5 37. Rd2 f5 38. exf5 Rxf5 39. Rd4 Kf7
40. Kf2 Rf4 41. Rd5 Kf6 42. Ke3 Rc4 43. g3 Rc3+ 44. Kf2 Rc2+ 45. Ke3 Rg2 46. g4
Rc2 47. Rf5+ Kg6 48. Kd4 Re2 49. Kd3 Re6 50. Rd5 Rf6 51. Ke3 Rf4 52. Rd2 Rc4
53. Rd5 Rc5 54. Rd3 Kf6 55. Ra3 Ke5 56. Ra8 d5 57. Rg8 d4+ 58. Kf2 Rc2+ 59. Kg3
d3 60. Rd8 d2 61. Rd3 Kf6 62. Rd8 e5 63. Rd6+ Ke7 64. Rd5 Ke6 65. Rd8 Rb2 66.
Kh3 e4 67. fxe4 Ke5 0-1

[Event "GBR-ch 95th"]
[Site "Liverpool"]
[Date "2008.07.29"]
[Round "2.13"]
[White "Kolbus, Dietmar"]
[Black "Townsend, Paul"]
[Result "1-0"]
[WhiteElo "2393"]
[BlackElo "2204"]
[PlyCount "81"]
[EventDate "2008.07.28"]
[EventType "swiss"]
[EventRounds "11"]
[EventCountry "GBR"]

1. c4 e6 2. Nc3 d5 3. d4 Nf6 4. Nf3 Bb4 5. cxd5 exd5 6. Bg5 Nbd7 7. Bxf6 Qxf6
8. a3 Bxc3+ 9. bxc3 c5 10. g3 O-O 11. Bg2 b6 12. O-O Bb7 13. Qa4 Bc6 14. Qb3
Qd6 15. a4 a6 16. Qa3 Rfd8 17. Rfd1 Rac8 18. Bh3 Rb8 19. Ra2 Nf6 20. Ne5 Be8
21. f3 Nd7 22. Bxd7 Bxd7 23. a5 Bb5 24. axb6 Qxb6 25. Qxc5 Qxc5 26. dxc5 f6 27.
Nd3 Bc4 28. Ra3 Rdc8 29. Kf2 Rb5 30. Rxa6 Rb3 31. Ra7 Rxc3 32. Rb1 Bxd3 33.
exd3 d4 34. Rbb7 Rc2+ 35. Kg1 Re8 36. Rxg7+ Kh8 37. Rxh7+ Kg8 38. Rag7+ Kf8 39.
Rh8+ Kxg7 40. Rxe8 Rxc5 41. Rd8 1-0

[Event "GBR-ch 95th"]
[Site "Liverpool"]
[Date "2008.07.29"]
[Round "2.14"]
[White "Goodger, Martyn"]
[Black "Williams, Simon K"]
[Result "1/2-1/2"]
[WhiteElo "2187"]
[BlackElo "2496"]
[PlyCount "145"]
[EventDate "2008.07.28"]
[EventType "swiss"]
[EventRounds "11"]
[EventCountry "GBR"]

1. e4 e6 2. Nf3 b6 3. d4 Bb7 4. Bd3 d6 5. O-O Nd7 6. Nc3 Ne7 7. Ng5 h6 8. Nh3
g6 9. f4 Bg7 10. e5 Nf5 11. Be4 Bxe4 12. Nxe4 d5 13. Ng3 Qh4 14. Nxf5 gxf5 15.
c4 dxc4 16. Qa4 Qd8 17. Qxc4 O-O 18. d5 Nc5 19. dxe6 fxe6 20. Be3 Qd3 21. Qc1
Ne4 22. Nf2 Nxf2 23. Kxf2 c5 24. Rd1 Qe4 25. Qc3 Rad8 26. b3 h5 27. Qc4 Rd5 28.
Qxe4 fxe4 29. Ke2 Kh7 30. Rdc1 Bh6 31. g3 Kg6 32. Rc4 Kf5 33. h3 Rg8 34. Rg1
Rd7 35. g4+ hxg4 36. hxg4+ Rxg4 37. Rxg4 Kxg4 38. Rxe4 Rf7 39. Ra4 Rh7 40. f5+
Kxf5 41. Bxh6 Rxh6 42. Rxa7 Kxe5 43. Rb7 Rh2+ 44. Kd3 Rxa2 45. Rxb6 Kd5 46. Rb8
Ra6 47. Rd8+ Rd6 48. Re8 Rb6 49. Rd8+ Ke5 50. Kc3 Kf4 51. Rc8 e5 52. Rxc5 e4
53. Rc8 Kf3 54. Kd2 Rf6 55. Re8 Rd6+ 56. Ke1 Rh6 57. b4 Ke3 58. Kf1 Rb6 59. Ra8
Rxb4 60. Ra3+ Kf4 61. Ke2 Rb2+ 62. Ke1 Rh2 63. Rb3 Rg2 64. Ra3 Rg1+ 65. Ke2 Rb1
66. Kf2 Rb4 67. Ke2 Rb8 68. Kf2 Rc8 69. Ke2 Rh8 70. Kf2 e3+ 71. Rxe3 Rh2+ 72.
Kg1 Kxe3 73. Kxh2 1/2-1/2

[Event "GBR-ch 95th"]
[Site "Liverpool"]
[Date "2008.07.29"]
[Round "2.15"]
[White "Gregory, Stephen J"]
[Black "Pert, Richard G"]
[Result "1-0"]
[WhiteElo "2177"]
[BlackElo "2468"]
[PlyCount "101"]
[EventDate "2008.07.28"]
[EventType "swiss"]
[EventRounds "11"]
[EventCountry "GBR"]

1. e4 c5 2. Nf3 Nc6 3. b3 d6 4. Bb2 Nf6 5. Nc3 Bg4 6. Bb5 e5 7. Bxc6+ bxc6 8.
h3 Bh5 9. Qe2 Be7 10. O-O-O Nd7 11. g4 Bg6 12. Nh2 Nf8 13. Nf1 Ne6 14. Ng3 Nd4
15. Qa6 Bh4 16. Nce2 Qb6 17. Qd3 O-O-O 18. c3 Nxe2+ 19. Qxe2 Bxg3 20. fxg3 d5
21. exd5 cxd5 22. h4 f6 23. g5 fxg5 24. hxg5 Qa5 25. a3 Rhe8 26. Rh4 Qb6 27.
Ra4 Re6 28. b4 c4 29. Ra5 Be4 30. Qf1 Re7 31. Qh3+ Kb7 32. a4 a6 33. Rc5 Rc7
34. a5 Qg6 35. Rxc7+ Kxc7 36. Rf1 Bb1 37. Kd1 Rd7 38. Rf8 Qc2+ 39. Ke2 Qxb2 40.
Qe6 Bd3+ 41. Kf3 Be4+ 42. Kg4 Bf5+ 43. Qxf5 Qxd2 44. Qxe5+ Kc6 45. Qe6+ Rd6 46.
Qc8+ Kb5 47. Qc5+ Ka4 48. Qxd6 Qe2+ 49. Kh3 Qh5+ 50. Kg2 Qe2+ 51. Rf2 1-0

[Event "GBR-ch 95th"]
[Site "Liverpool"]
[Date "2008.07.29"]
[Round "2.16"]
[White "Eggleston, David"]
[Black "Ledger, Stephen"]
[Result "1-0"]
[WhiteElo "2372"]
[BlackElo "2138"]
[PlyCount "81"]
[EventDate "2008.07.28"]
[EventType "swiss"]
[EventRounds "11"]
[EventCountry "GBR"]

1. e4 c5 2. Nf3 Nc6 3. d4 cxd4 4. Nxd4 g6 5. c4 Bg7 6. Nc2 Nf6 7. Nc3 d6 8. Be2
O-O 9. O-O Nd7 10. Bd2 Nc5 11. b4 Ne6 12. Rc1 Ncd4 13. Nxd4 Nxd4 14. Be3 Nxe2+
15. Qxe2 b6 16. Rfd1 Be6 17. Bd4 Rc8 18. Nb5 Bxd4 19. Nxd4 Bd7 20. e5 dxe5 21.
Qxe5 Qe8 22. Re1 e6 23. Qd6 Qd8 24. c5 Ba4 25. Qf4 Qd5 26. Re5 Qxa2 27. c6 Rfd8
28. c7 Rd7 29. Ree1 Qd5 30. Nf3 Qd6 31. Qxd6 Rxd6 32. Re3 Bc6 33. Ne5 Bd5 34.
Ra3 a5 35. bxa5 bxa5 36. Rxa5 f6 37. Rb5 fxe5 38. Rb8 Bb7 39. Rxb7 Kf7 40. Rb8
Rdd8 41. cxd8=N+ 1-0

[Event "GBR-ch 95th"]
[Site "Liverpool"]
[Date "2008.07.29"]
[Round "2.17"]
[White "Rudd, Jack"]
[Black "Garnett, John S"]
[Result "1-0"]
[WhiteElo "2345"]
[BlackElo "2030"]
[PlyCount "45"]
[EventDate "2008.07.28"]
[EventType "swiss"]
[EventRounds "11"]
[EventCountry "GBR"]

1. e4 c5 2. Nf3 Nc6 3. d4 cxd4 4. Nxd4 g6 5. Nc3 Bg7 6. Be3 Nf6 7. Be2 O-O 8.
f4 d5 9. e5 Ne8 10. Qd2 Nxd4 11. Bxd4 Qa5 12. O-O-O Bd7 13. g4 b5 14. Bf3 e6
15. Kb1 Nc7 16. Nxd5 Qxd2 17. Ne7+ Kh8 18. Rxd2 Rad8 19. Rhd1 Nd5 20. Bc5 Rfe8
21. Bxd5 Bf8 22. Bxe6 fxe6 23. Rxd7 1-0

[Event "GBR-ch 95th"]
[Site "Liverpool"]
[Date "2008.07.29"]
[Round "2.18"]
[White "Auckland, Elliott"]
[Black "Buckley, Graeme"]
[Result "0-1"]
[WhiteElo "1990"]
[BlackElo "2405"]
[PlyCount "72"]
[EventDate "2008.07.28"]
[EventType "swiss"]
[EventRounds "11"]
[EventCountry "GBR"]

1. d4 Nf6 2. c4 e6 3. Nc3 Bb4 4. e3 c5 5. Bd3 d5 6. Nge2 Nc6 7. a3 Bxc3+ 8.
bxc3 O-O 9. O-O dxc4 10. Bxc4 Qc7 11. f3 Rd8 12. Ba2 b6 13. Qe1 Ba6 14. Qf2 e5
15. dxc5 e4 16. f4 bxc5 17. c4 Rd3 18. Qh4 Rb8 19. Ng3 Qd7 20. Nh5 Nxh5 21.
Qxh5 f5 22. g4 Rf8 23. Rb1 fxg4 24. Bb2 Rxe3 25. Qxc5 Rd3 26. Bxg7 Kxg7 27.
Qg5+ Kh8 28. Qh6 Qd4+ 29. Kh1 Qf6 30. Qh5 Bc8 31. Rb5 Nd4 32. Bb1 Rh3 33. Qd5
Nxb5 34. cxb5 g3 35. Bxe4 Rxh2+ 36. Kg1 Qb6+ 0-1

[Event "GBR-ch 95th"]
[Site "Liverpool"]
[Date "2008.07.29"]
[Round "2.19"]
[White "Quillan, Gary"]
[Black "Woods, Connor"]
[Result "1-0"]
[WhiteElo "2339"]
[BlackElo "1934"]
[PlyCount "123"]
[EventDate "2008.07.28"]
[EventType "swiss"]
[EventRounds "11"]
[EventCountry "GBR"]

1. e4 e5 2. Nf3 Nc6 3. Bb5 a6 4. Ba4 Nf6 5. O-O Be7 6. Re1 b5 7. Bb3 O-O 8. d4
d6 9. c3 h6 10. Nbd2 Re8 11. a4 Bg4 12. d5 Na5 13. Bc2 c5 14. h3 Bd7 15. b4 Nb7
16. a5 Rc8 17. Nf1 Bf8 18. Ne3 g6 19. Nh2 Bg7 20. Ra2 Rf8 21. g4 Nh7 22. Kg2
Rc7 23. Bd2 Qc8 24. Rh1 Nd8 25. Nhf1 f6 26. Ng3 Nf7 27. Bd3 Nh8 28. Qe2 Qb7 29.
f3 c4 30. Bc2 Qc8 31. Raa1 Qd8 32. Raf1 Bc8 33. Bb1 Rcf7 34. Rf2 Bd7 35. Qd1
Bc8 36. Qc1 Rb7 37. Rhf1 Nf7 38. Nc2 Rc7 39. Be3 Rb7 40. Bb6 Rxb6 41. axb6 Qxb6
42. Ne3 Re8 43. h4 Nf8 44. Ra2 g5 45. h5 Nd7 46. Ngf5 Bf8 47. Bc2 Nb8 48. Qd2
Bb7 49. Rfa1 Bc8 50. Bd1 Bb7 51. Be2 Rc8 52. Qe1 Qc7 53. Nc2 Qb6 54. Ra5 Nd8
55. Qf2 Qxf2+ 56. Kxf2 Kh7 57. Na3 Nd7 58. Nxb5 axb5 59. Rxb5 Rc7 60. Ra7 Kg8
61. Ne3 Nb8 62. Nxc4 1-0

[Event "GBR-ch 95th"]
[Site "Liverpool"]
[Date "2008.07.29"]
[Round "2.22"]
[White "Russell, Christopher"]
[Black "Mason, Donald"]
[Result "1/2-1/2"]
[WhiteElo "2036"]
[BlackElo "2268"]
[PlyCount "82"]
[EventDate "2008.07.28"]
[EventType "swiss"]
[EventRounds "11"]
[EventCountry "GBR"]

1. e4 e6 2. d4 d5 3. Nc3 Nf6 4. e5 Nfd7 5. Nce2 c5 6. f4 Nc6 7. c3 Qb6 8. Nf3
cxd4 9. Nexd4 Nc5 10. Be2 Be7 11. Qc2 O-O 12. Be3 Qc7 13. O-O Bd7 14. a3 Rac8
15. Rac1 a6 16. b4 Ne4 17. Bd3 Nxd4 18. Bxd4 Bb5 19. c4 Bxc4 20. Bxe4 dxe4 21.
Qxe4 Qd7 22. Rfd1 Bd5 23. Qe3 Bxf3 24. gxf3 Rfd8 25. Rxc8 Rxc8 26. Qd3 Rd8 27.
Qc3 Qc6 28. Qxc6 bxc6 29. Rd2 c5 30. Bc3 Rxd2 31. Bxd2 Kf8 32. Kf1 cxb4 33.
axb4 Ke8 34. Ke2 Kd7 35. Kd3 Kc6 36. Kc4 Bd8 37. Be3 Bb6 38. Bd2 Bf2 39. Bc1
Bg1 40. h3 Bf2 41. Bd2 Bg3 1/2-1/2

[Event "GBR-ch 95th"]
[Site "Liverpool"]
[Date "2008.07.29"]
[Round "2.23"]
[White "Elwin, Adrian G"]
[Black "Addison, Bret"]
[Result "1/2-1/2"]
[WhiteElo "2022"]
[BlackElo "2244"]
[PlyCount "26"]
[EventDate "2008.07.28"]
[EventType "swiss"]
[EventRounds "11"]
[EventCountry "GBR"]

1. d4 f5 2. c4 Nf6 3. Nc3 d6 4. e4 fxe4 5. f3 e5 6. dxe5 dxe5 7. Qxd8+ Kxd8 8.
Bg5 Be7 9. O-O-O+ Nbd7 10. Nh3 exf3 11. gxf3 c6 12. f4 Ke8 13. Bg2 h6 1/2-1/2

[Event "GBR-ch 95th"]
[Site "Liverpool"]
[Date "2008.07.29"]
[Round "2.25"]
[White "Shaw, Peter"]
[Black "Berry, Stephen"]
[Result "1/2-1/2"]
[WhiteElo "2127"]
[BlackElo "2363"]
[PlyCount "112"]
[EventDate "2008.07.28"]
[EventType "swiss"]
[EventRounds "11"]
[EventCountry "GBR"]

1. d4 Nf6 2. c4 e6 3. Nc3 Bb4 4. Qc2 Nc6 5. Nf3 d6 6. a3 Bxc3+ 7. Qxc3 a5 8. b3
O-O 9. Bb2 Re8 10. g3 e5 11. d5 Ne7 12. Nd2 Ng6 13. Bg2 Nd7 14. e4 Nc5 15. O-O
f5 16. f4 Rf8 17. h4 h5 18. Bf3 fxe4 19. Bxh5 Bf5 20. Bxg6 Bxg6 21. fxe5 dxe5
22. Qxe5 Qd7 23. Qg5 Bf5 24. Bd4 Ne6 25. Qe3 Nxd4 26. Qxd4 Rae8 27. Qe3 c6 28.
dxc6 Qxc6 29. Rf4 Bg6 30. Re1 Rxf4 31. Qxf4 Qc5+ 32. Qe3 Qxa3 33. Qd4 Qb4 34.
Re3 a4 35. bxa4 Qxa4 36. Nf1 Qc6 37. Rb3 Kh7 38. Ne3 Rf8 39. Qd5 Qf6 40. Qd2
Qe5 41. Ng2 Qc5+ 42. Qe3 Qxc4 43. Nf4 Rf7 44. Rc3 Qa6 45. Qc5 Qf6 46. Kg2 Bf5
47. Kh2 Rd7 48. Qe3 Qe5 49. Kg1 Bg4 50. Kf2 b5 51. Qc5 Qxc5+ 52. Rxc5 Rb7 53.
Ke3 b4 54. Rc2 Bf3 55. Ne6 Bh5 56. Rb2 Kg8 1/2-1/2

[Event "GBR-ch 95th"]
[Site "Liverpool"]
[Date "2008.07.29"]
[Round "2.26"]
[White "Yeo, Michael J"]
[Black "Lalic, Susan"]
[Result "0-1"]
[WhiteElo "2110"]
[BlackElo "2344"]
[PlyCount "34"]
[EventDate "2008.07.28"]
[EventType "swiss"]
[EventRounds "11"]
[EventCountry "GBR"]

1. e4 e6 2. d4 d5 3. Nc3 Nf6 4. Bg5 Be7 5. e5 Nfd7 6. h4 Nc6 7. Nf3 Nb6 8. Qd2
Bd7 9. O-O-O a6 10. Bd3 h6 11. Be3 Na5 12. Nb1 Nac4 13. Qe2 Bb5 14. Nbd2 Nxb2
15. Kxb2 Na4+ 16. Kb3 c6 17. Bxb5 Qa5 0-1

[Event "GBR-ch 95th"]
[Site "Liverpool"]
[Date "2008.07.29"]
[Round "2.27"]
[White "Storey, Charles"]
[Black "Waters, Clive L"]
[Result "1-0"]
[WhiteElo "2268"]
[BlackElo "2096"]
[PlyCount "109"]
[EventDate "2008.07.28"]
[EventType "swiss"]
[EventRounds "11"]
[EventCountry "GBR"]

1. e4 Nc6 2. Nf3 d6 3. d4 Nf6 4. Nc3 a6 5. h3 g6 6. Bg5 h6 7. Be3 Bg7 8. Qd2 e6
9. Bd3 Ne7 10. Nh2 b6 11. Ng4 Nxg4 12. hxg4 Bb7 13. O-O-O g5 14. Ne2 c5 15. c3
Qc7 16. Kb1 Nc6 17. g3 O-O-O 18. f4 f6 19. b4 c4 20. Bxc4 d5 21. Bb3 Rhe8 22.
e5 gxf4 23. gxf4 a5 24. exf6 Bxf6 25. Rxh6 Bg7 26. Rhh1 axb4 27. cxb4 Qe7 28.
a3 Qf7 29. Qd3 Rh8 30. Ba4 Kb8 31. f5 exf5 32. Bxc6 Bxc6 33. Qa6 Qa7 34. Qxa7+
Kxa7 35. gxf5 Rde8 36. Rhg1 Rxe3 37. Rxg7+ Ka6 38. Rg2 Rf3 39. Rc1 Bb5 40. Nc3
Rxf5 41. Kb2 Bc4 42. a4 Rf3 43. a5 bxa5 44. Ra1 Rhh3 45. Rxa5+ Kb7 46. Na4 Rb3+
47. Kc2 Rbg3 48. Nc5+ Kb8 49. Rf2 Rf3 50. Rxf3 Rxf3 51. b5 Rf2+ 52. Kc3 Rf1 53.
b6 Rb1 54. b7 Kc7 55. Ra8 1-0

[Event "GBR-ch 95th"]
[Site "Liverpool"]
[Date "2008.07.29"]
[Round "2.28"]
[White "Ynojosa, Felix Jose"]
[Black "Ledger, David"]
[Result "1-0"]
[WhiteElo "2101"]
[BlackElo "2260"]
[PlyCount "77"]
[EventDate "2008.07.28"]
[EventType "swiss"]
[EventRounds "11"]
[EventCountry "GBR"]

1. e4 e5 2. Bc4 Nf6 3. d3 Bc5 4. Nc3 d6 5. Na4 Nc6 6. Nxc5 dxc5 7. a3 Qd6 8.
Nf3 O-O 9. Be3 a6 10. O-O Bg4 11. h3 Bh5 12. Kh1 Rad8 13. g4 Bg6 14. Nh4 b5 15.
Nxg6 hxg6 16. Ba2 Nd4 17. f3 Nh7 18. Qd2 Qe7 19. c3 Ne6 20. Bxe6 fxe6 21. Qf2
Qf6 22. Bxc5 Rf7 23. Rad1 Rfd7 24. d4 g5 25. Rd3 Qh6 26. Kg2 exd4 27. cxd4 Rf7
28. Qg3 Rf4 29. Bb4 Rd7 30. Bd2 e5 31. Bxf4 gxf4 32. Qf2 Ng5 33. h4 Ne6 34. d5
Nd4 35. g5 Qh5 36. Rfd1 Qg6 37. Rxd4 exd4 38. Qxd4 Qh5 39. Rh1 1-0